Proyectos de inversión para no economistas: manual de formulación y evaluación

Na minha lista:
Detalhes bibliográficos
Autor principal: Gómez Giordano, Rubén J (Author)
Formato: Livro
Idioma:espanhol
Publicado em: Buenos Aires Errepar 2004
Edição:1a. ed
Colecção:Colección Biblioteca Profesional y Empresaria
Assuntos:
Tags: Adicionar Tag
Sem tags, seja o primeiro a adicionar uma tag!

MARC

LEADER 00000nam a2200000 a 4500
001 UCK4671
003 CL-VaPUC
008 050617e20040000AG |||||||||||||||||spa|d
020 |a 9670102573 
082 0 4 |a 658.404  |b GOM  |2 21 
100 0 |a Gómez Giordano, Rubén J  |e author  |9 493261 
245 1 0 |a Proyectos de inversión para no economistas: manual de formulación y evaluación 
250 |a 1a. ed 
300 |a 237 p 
942 |c BK 
945 |d 20050617 00:00:00  |a cmena 
260 |a Buenos Aires  |b Errepar  |c 2004 
650 0 |a Gestión de proyectos  |9 260970 
650 0 |a Proyectos de inversión   |9 261065 
650 0 |a Evaluación de proyectos   |9 259341 
650 0 |a Planificación estratégica   |9 259735 
583 |a last modification  |c 20050617 00:00:00  |k Rodrigo Vera 
490 0 |a Colección Biblioteca Profesional y Empresaria 
999 |c 313489  |d 313487 
952 |0 0  |1 0  |4 0  |6 658_404000000000000_GOM_2004  |7 0  |8 A  |9 384873  |a BIBING  |b BIBING  |d 2019-11-22  |i 4140125  |o 658.404 GOM 2004  |p 4140125  |r 2025-01-20  |w 2019-11-22  |y BK  |k EII